| 000 | 01005nam a2200313Ia 4500 | ||
|---|---|---|---|
| 003 | OSt | ||
| 005 | 20221007125832.0 | ||
| 006 | a|||||r|||| 00| 0 | ||
| 007 | ta | ||
| 008 | 221006b |||||||| |||| 00| 0 eng d | ||
| 020 | _a1862391661 (hbd) | ||
| 037 |
_b1290, 29/03/2011, Ashutosh Technical Books _cTextual |
||
| 040 |
_aDGL _cDGL _beng |
||
| 041 |
_2eng _aeng |
||
| 082 | _aH22, P4 Carg | ||
| 100 |
_aBraithwaite CJR _9722646 |
||
| 245 | 0 |
_aGeometry and petrogenesis of dolomite hydrocarbon reservoirs _b Darke G |
|
| 260 |
_aLOndon _bGSP _c2004 |
||
| 300 |
_a413,p _ccm. |
||
| 500 | _aIndex407-413p | ||
| 650 |
_a Dolomite congresses geometry _9722647 |
||
| 650 | _a geology | ||
| 650 |
_a petrogenesis _9722648 |
||
| 650 |
_aHydrocarbon _9722649 |
||
| 700 |
_a Darke G _9722650 |
||
| 700 |
_a Rizzi G _9722651 |
||
| 942 |
_hH22, P4 Carg _cTEXL _2CC |
||
| 999 |
_c1215889 _d1215889 |
||